[Event "Boyaca Region-ch qual"]
[Site "Duitama"]
[Date "2010.05.16"]
[Round "3.21"]
[White "Camargo, Edison"]
[Black "Silva Suna, Juan Esteban"]
[Result "1-0"]
[WhiteElo "1600"]
[BlackElo "1473"]
[PlyCount "71"]
[EventDate "2010.05.15"]
[EventType "swiss"]
[EventRounds "6"]
[EventCountry "COL"]
[SourceTitle "EXT 2024"]
[Source "ChessBase"]
[SourceDate "2023.10.10"]
[SourceVersion "1"]
[SourceVersionDate "2023.10.10"]
[SourceQuality "1"]

1. d4 Nf6 2. Nf3 e6 3. e3 d5 4. Bd3 Nc6 5. Nbd2 Bd6 6. c3 Bd7 7. Qc2 Qe7 8. a3 0-0 9. Ng5 g6 10. e4 dxe4 11. Ndxe4 e5 12. Be3 exd4 13. cxd4 Nxe4 14. Nxe4 Rfe8 15. 0-0 Rac8 16. Bg5 Qe6 17. d5 Qxd5 18. Nf6+ Kf8 19. Nxd5 Re5 20. Bh6+ Ke8 21. Rae1 Nd4 22. Qc4 c5 23. Rxe5+ Bxe5 24. Re1 b5 25. Rxe5+ Be6 26. Qc1 c4 27. h3 Kd8 28. Bg5+ Kd7 29. Nf6+ Kd6 30. Qc3 Kxe5 31. f4+ Kd6 32. Qxd4+ Kc7 33. Qc5+ Kd8 34. Ne4+ Kd7 35. Qd6+ Ke8 36. Qe7# 1-0